Football Managers by Most Used Player #1 - Statistics

General Stats
  • This quiz has been taken 400 times
  • The average score is 8 of 12
Answer Stats
Answer % Correct
Sir Alex Ferguson
99%
Jose Mourinho
93%
Diego Simeone
90%
Zinedine Zidane
86%
Carlo Ancelotti
80%
Mauricio Pochettino
77%
Julian Nagelsmann
56%
Didier Deschamps
54%
Antonio Conte
50%
Louis van Gaal
49%
Unai Emery
33%
Roberto Mancini
23%
No matching quizzes found
Score Distribution
Percent of People with Each Score
Percentile by Number Answered
Your Score History
You have not taken this quiz